[Event "Bergen Sommer Super-NGP A"]
[Site "Bergen"]
[Date "2019.08.01"]
[Round "9"]
[White "Myren, Matias"]
[Black "Johannessen, Theo N"]
[Result "1/2-1/2"]
[WhiteElo "1483"]
[BlackElo "1504"]
[PlyCount "53"]
[EventDate "2019.07.29"]
[EventType "swiss"]
[EventRounds "9"]
[EventCountry "NOR"]
[SourceTitle "EXT 2024"]
[Source "ChessBase"]
[SourceDate "2023.10.10"]
[SourceVersion "1"]
[SourceVersionDate "2023.10.10"]
[SourceQuality "1"]

1. e4 c5 2. Nc3 g6 3. f4 Bg7 4. Nf3 Nc6 5. Bb5 Nd4 6. 0-0 Nxb5 7. Nxb5 a6 8. Nc3 e6 9. d3 Ne7 10. a4 d5 11. Qe1 0-0 12. Qh4 Nc6 13. Qh3 Nd4 14. Nxd4 cxd4 15. Ne2 Qc7 16. e5 Qxc2 17. Nxd4 Qc7 18. Be3 Bd7 19. Rac1 Bc6 20. Nxc6 bxc6 21. Bc5 Rfe8 22. d4 Bf8 23. Qa3 Qb7 24. Rf2 Bxc5 25. Rxc5 Rec8 26. Rfc2 Rc7 27. Qc3 1/2-1/2

[Event "NOR-chT Club"]
[Site "Drammen"]
[Date "2019.05.30"]
[Round "1.1"]
[White "Myren, Matias"]
[Black "Agdestein, Simen"]
[Result "0-1"]
[WhiteElo "1449"]
[BlackElo "2569"]
[PlyCount "64"]
[EventDate "2019.05.30"]
[EventType "team-swiss"]
[EventRounds "6"]
[EventCountry "NOR"]
[SourceTitle "CBM 190 Extra"]
[Source "ChessBase"]
[SourceDate "2019.07.15"]
[SourceVersion "1"]
[SourceVersionDate "2019.07.15"]
[SourceQuality "1"]
[WhiteTeam "Bergens II"]
[BlackTeam "OSS"]
[WhiteTeamCountry "NOR"]
[BlackTeamCountry "NOR"]

1. e4 c5 2. Nc3 Nc6 3. f4 g6 4. Nf3 Bg7 5. Bb5 Nd4 6. Bc4 e6 7. e5 d6 8. Nxd4 cxd4 9. Bb5+ Bd7 10. Bxd7+ Qxd7 11. Ne4 dxe5 12. d3 f5 13. Ng5 exf4 14. Bxf4 e5 15. Qe2 0-0-0 16. Bd2 h6 17. Nh3 Nf6 18. 0-0-0 Rhe8 19. Ba5 b6 20. Bb4 Nd5 21. Bd2 e4 22. dxe4 fxe4 23. Qa6+ Kb8 24. c4 dxc3 25. Bf4+ Ka8 26. b3 c2 27. Rd2 Qc6 28. Qc4 Qf6 29. Rxc2 Qa1+ 30. Kd2 Nxf4+ 31. Ke3 Rd3+ 32. Kxf4 Qe5+ 0-1